| 000 | 00483nam a2200193Ia 4500 | ||
|---|---|---|---|
| 005 | 20251020182609.0 | ||
| 008 | 200515s9999 xx 000 0 und d | ||
| 082 | _aSC/621.31/R94 | ||
| 100 | _aRUIZ VASALLO, Francisco | ||
| 245 | 0 | _aManual de interpretación de esquemas eléctricos | |
| 250 | _a3a ed. | ||
| 260 | _aBarcelona | ||
| 260 | _c1970 | ||
| 300 | _a208 | ||
| 650 | _aESQUEMAS ELECTRICOS | ||
| 650 | _aINSTALACIONES ELECTRICAS | ||
| 650 | _aMANUALES | ||
| 942 | _cLIB | ||
| 999 |
_c3277 _d3277 |
||